[Event "1st Sunway Sitges International Chess Festival - Gro"]
[Site "?"]
[Date "2014.12.19"]
[Round "?"]
[White "Narciso Dublan, Marc"]
[Black "Romanov, Evgeny"]
[WhiteElo "2515"]
[BlackElo "2638"]
[Result "1-0"]

1. e4 c5 2. Nc3 Nc6 3. g3 g6 4. Bg2 Bg7 5. d3 d6 6. Be3 Bd7 7. Qd2 Qc8 8. h3 b5 9. Nge2 b4 10. Nd1 Rb8 11. a3 a5 12. axb4 axb4 13. f3 Nd4 14. Nxd4 cxd4 15. Bf2 e6 16. b3 Ne7 17. Nb2 O-O 18. O-O d5 19. Ra7 e5 20. Rfa1 f5 21. exf5 Nxf5 22. Re1 Kh8 23. Nd1 Nd6 24. g4 Nb5 25. Ra2 Na3 26. Bg3 Qc7 27. Re2 Qd6 28. Qe1 Rbe8 29. Nf2 Re6 30. h4 Rfe8 31. g5 R6e7 32. Kh2 Qc5 33. Qc1 Bf5 34. Qe1 Bd7 35. Nd1 h6 36. gxh6 Bxh6 37. Rxe5 Kh7 38. f4 Bg7 39. Rxe7 Rxe7 40. Qf2 Bg4 41. Bf3 Qc8 42. Qg2 Qf5 43. Bxg4 Qxg4 44. Nf2 Qh5 45. Nh3 Re2 46. Ng5+ Kh8 47. Bf2 Bf6 48. Kg3 Rd2 49. Qxd5 Qe2 50. Ne4 Kg7 51. Qd7+ Kh6 52. Qg4 Be7 53. Nxd2 Qxd2 54. f5 gxf5 55. Qf4+ 

1-0

[Event "4th Open"]
[Site "?"]
[Date "2009.11.23"]
[Round "?"]
[White "Narciso Dublan, Marc"]
[Black "Mamedov, Nidjat"]
[WhiteElo "2510"]
[BlackElo "2617"]
[Result "1-0"]

1. d4 Nf6 2. c4 g6 3. Nc3 Bg7 4. e4 d6 5. Be2 O-O 6. Nf3 e5 7. d5 Na6 8. Nd2 Ne8 9. O-O c5 10. Nb3 f5 11. exf5 gxf5 12. f4 Qe7 13. Bd2 b6 14. Qc1 Bd7 15. Nd1 Nac7 16. Nf2 Nf6 17. Qc2 e4 18. Nd1 b5 19. Ne3 a6 20. Rad1 bxc4 21. Bxc4 Kh8 22. Bc1 Qd8 23. Rfe1 Nb5 24. a4 Nd4 25. Nxd4 cxd4 26. Rxd4 Nh5 27. Rdd1 Nxf4 28. Bf1 Qh4 29. Nc4 Rac8 30. b3 Rg8 31. g3 Nh3+ 32. Kh1 Qh5 33. Qe2 Qxe2 34. Rxe2 Rxc4 35. bxc4 f4 36. Bxh3 Bxh3 37. Rxe4 f3 38. Kg1 Bg2 39. Bf4 Bd4+ 

1-0

[Event "3rd Iberoamerican KO"]
[Site "?"]
[Date "2010.11.20"]
[Round "?"]
[White "Narciso Dublan, Marc"]
[Black "Milos, Gilberto"]
[WhiteElo "2536"]
[BlackElo "2596"]
[Result "1-0"]

1. c4 e5 2. g3 Nc6 3. Nc3 g6 4. Bg2 Bg7 5. e4 d6 6. Nge2 Nge7 7. d3 Be6 8. Nd5 a6 9. Be3 O-O 10. O-O Qd7 11. Qd2 Rae8 12. Rac1 f5 13. b4 Nd8 14. b5 c6 15. Nxe7+ Rxe7 16. bxa6 bxa6 17. exf5 Bxf5 18. Rb1 Bh3 19. Bxh3 Qxh3 20. Rb6 Ref7 21. Nc3 Rf5 22. Rxa6 Ne6 23. Rxc6 e4 24. Nb5 Rh5 25. f4 exf3 26. d4 Rxb5 27. cxb5 Nxd4 28. Rf2 Nxc6 29. Qd5+ Kh8 30. bxc6 Qg4 31. Qxd6 h5 32. c7 Kh7 33. Qe7 Qc4 34. h4 Rf6 35. c8=Q Qxc8 36. Bd4 Qb8 37. Bxf6 

1-0

[Event "12th Open"]
[Site "?"]
[Date "2006.12.07"]
[Round "?"]
[White "Narciso Dublan, Marc"]
[Black "Damljanovic, Branko"]
[WhiteElo "2511"]
[BlackElo "2595"]
[Result "1-0"]

1. e4 c5 2. Nf3 Nc6 3. d4 cxd4 4. Nxd4 Qc7 5. Nb5 Qb8 6. Bd3 a6 7. N5c3 e6 8. O-O Nf6 9. Be3 b5 10. Nd2 Ne5 11. Be2 Bb7 12. f4 Ng6 13. e5 Nd5 14. Nxd5 Bxd5 15. c4 Bc6 16. cxb5 axb5 17. Bf3 Bxf3 18. Nxf3 Be7 19. Rf2 Qb7 20. Rd2 Ra4 21. g3 h5 22. h4 f6 23. exf6 Bxf6 24. Bd4 Ne7 25. b3 Ra8 26. Bxf6 gxf6 27. Nd4 Kf7 28. Kh2 Nd5 29. Qf3 Ra7 30. f5 b4 31. fxe6+ dxe6 32. Re1 Nc3 33. Nc6 Qb6 34. Nxa7 Qxa7 35. Qc6 Kg6 36. Rxe6 Rf8 37. Qd6 Qb8 38. Rxf6+ 

1-0

[Event "Barcelona GM"]
[Site "?"]
[Date "2014.11.29"]
[Round "?"]
[White "Narciso Dublan, Marc"]
[Black "Grigoryan, Karen H"]
[WhiteElo "2515"]
[BlackElo "2586"]
[Result "1-0"]

1. d4 Nf6 2. c4 g6 3. Nc3 Bg7 4. e4 d6 5. Be2 O-O 6. Nf3 Bg4 7. Be3 Nfd7 8. Qd2 Re8 9. O-O-O c5 10. dxc5 dxc5 11. Bxc5 Nc6 12. Ba3 Qc8 13. Kb1 b6 14. b3 Nc5 15. Bb2 Qb7 16. h3 Bxf3 17. Bxf3 Ne5 18. Qe3 a5 19. Nb5 a4 20. Bxe5 Bxe5 21. b4 Ne6 22. Bg4 Qc6 23. Rd5 Bf4 24. Qd3 Rec8 25. Be2 Nc7 26. g3 Bh6 27. Nxc7 Rxc7 28. a3 Bf8 29. Qe3 e6 30. Rd2 f5 31. Rhd1 fxe4 32. Rd4 Bg7 33. Rd6 Qe8 34. Qxe4 Rf7 35. f3 Bf8 36. Rxb6 Rd8 37. Rxe6 Rxd1+ 38. Bxd1 Qb8 39. f4 Rd7 40. Bc2 Qd8 41. Kc1 Rd4 42. Qe2 

1-0

[Event "9th EICC"]
[Site "?"]
[Date "2008.04.27"]
[Round "?"]
[White "Narciso Dublan, Marc"]
[Black "Stefansson, H"]
[WhiteElo "2509"]
[BlackElo "2583"]
[Result "1-0"]

1. e4 e5 2. Nc3 Nf6 3. g3 d5 4. exd5 Nxd5 5. Bg2 Nxc3 6. bxc3 Bd6 7. Nf3 O-O 8. O-O Nd7 9. Re1 c6 10. d4 exd4 11. cxd4 Nf6 12. c4 Bf5 13. Qb3 Qb6 14. Bd2 Rfe8 15. Qa4 c5 16. Be3 Be4 17. dxc5 Bxc5 18. Qb5 Qxb5 19. cxb5 Bb4 20. Bd2 Ba3 21. Nh4 h6 22. Bc3 Bxg2 23. Kxg2 Ne4 24. Bd4 Nd6 25. Rxe8+ Rxe8 26. Bxa7 Re2 27. Nf3 Nxb5 28. Nd4 Nxd4 29. Bxd4 b5 30. Rb1 b4 31. Bc5 Re5 32. Bxb4 Rb5 33. Rb3 Rxb4 34. Rxa3 Rb2 35. h4 g5 36. h5 g4 37. Ra6 Kg7 38. a4 Ra2 39. Kf1 Rc2 40. Rb6 Rc4 41. a5 Rc5 42. a6 Rxh5 43. Ke2 Ra5 44. Kd3 Ra2 45. Kc4 Rxf2 46. Kb4 f5 47. Kb3 

1-0

[Event "8th Open"]
[Site "?"]
[Date "2006.08.31"]
[Round "?"]
[White "Narciso Dublan, Marc"]
[Black "Felgaer, R"]
[WhiteElo "2467"]
[BlackElo "2581"]
[Result "1-0"]

1. c4 e5 2. Nc3 Nf6 3. Nf3 Nc6 4. g3 Bb4 5. Nd5 Bd6 6. Bg2 Nxd5 7. cxd5 Ne7 8. e4 c6 9. d4 cxd5 10. dxe5 Bb4+ 11. Bd2 Bxd2+ 12. Qxd2 dxe4 13. Ng5 e3 14. Qxe3 Qa5+ 15. Qc3 Qxc3+ 16. bxc3 Rb8 17. Ne4 O-O 18. O-O-O b6 19. Nd6 Ba6 20. Rd4 Nc8 21. Nf5 Bb7 22. Bxb7 Rxb7 23. Rhd1 Rc7 24. R1d3 Rd8 25. Kb2 b5 26. Kb3 Nb6 27. Nd6 a6 28. Rf4 Rf8 29. Rdf3 Na4 30. Rxf7 Rxf7 31. Rxf7 

1-0

[Event "Magistral Barcelona Casino"]
[Site "?"]
[Date "2006.10.22"]
[Round "?"]
[White "Narciso Dublan, Marc"]
[Black "Peralta, Fe"]
[WhiteElo "2511"]
[BlackElo "2574"]
[Result "1-0"]

1. e4 c6 2. d4 d5 3. Nd2 dxe4 4. Nxe4 Bf5 5. Nc5 e5 6. Nxb7 Qb6 7. Nc5 exd4 8. Nb3 Bb4+ 9. Bd2 Nf6 10. Bd3 Bxd2+ 11. Qxd2 Be6 12. Qa5 Qxa5+ 13. Nxa5 c5 14. Ne2 O-O 15. O-O Nd5 16. a3 Nd7 17. b4 Nc3 18. bxc5 Nxe2+ 19. Bxe2 Rac8 20. c6 Ne5 21. Bb5 Rfd8 22. Rab1 g5 23. Ba6 Rc7 24. Rb7 Rxc6 25. Nxc6 Nxc6 26. Re1 Rd6 27. Bd3 Bd5 28. Bf5 Kg7 29. Rd7 

1-0

[Event "Open"]
[Site "?"]
[Date "2001.08.25"]
[Round "?"]
[White "Narciso Dublan, Marc"]
[Black "Sulskis, Sarunas"]
[WhiteElo "2510"]
[BlackElo "2573"]
[Result "1-0"]

1. d4 Nf6 2. Nf3 d5 3. c4 dxc4 4. e3 Bg4 5. h3 Bxf3 6. Qxf3 c6 7. Bxc4 e5 8. dxe5 Qa5+ 9. Bd2 Qxe5 10. Bc3 Qe4 11. Nd2 Qxf3 12. Nxf3 Ne4 13. Ne5 Nd6 14. O-O-O Nxc4 15. Nxc4 Nd7 16. Rd4 O-O-O 17. Rhd1 Bc5 18. Nd6+ Bxd6 19. Rxd6 f6 20. Ba5 Nb6 21. Rxd8+ Rxd8 22. Rxd8+ Kxd8 23. Bxb6+ axb6 24. a4 Kd7 25. Kd2 Kd6 26. e4 g5 27. g3 h5 28. Ke3 c5 29. f4 Ke6 30. Kf3 b5 31. axb5 b6 32. b3 

1-0

[Event "Magistral Barcelona Casino"]
[Site "?"]
[Date "2006.10.21"]
[Round "?"]
[White "Narciso Dublan, Marc"]
[Black "Timman, Jan H"]
[WhiteElo "2511"]
[BlackElo "2565"]
[Result "1-0"]

1. e4 e5 2. Nc3 Nc6 3. g3 Nf6 4. Bg2 Bb4 5. Nge2 d6 6. O-O Bxc3 7. bxc3 O-O 8. d3 d5 9. exd5 Nxd5 10. c4 Nde7 11. Ba3 Re8 12. Rb1 Rb8 13. Nc3 Be6 14. Bxe7 Nxe7 15. Qc1 b6 16. Qa3 a5 17. Rb5 f6 18. c5 Nf5 19. Rfb1 Nd4 20. R5b2 Bg4 21. cxb6 cxb6 22. Nb5 Be6 23. Qd6 Qxd6 24. Nxd6 Red8 25. Nb5 Rdc8 26. Nxd4 exd4 27. a3 Kf7 28. Bf3 Rc3 29. Rxb6 Rxb6 30. Rxb6 Rxc2 31. Rb7+ Kf8 32. Rb8+ Kf7 33. Rb7+ Kg6 34. h4 Rc3 35. a4 Bf5 36. Rb5 Bxd3 37. Rxa5 Bc2 38. Kg2 Rc4 39. Bh5+ Kh6 40. Bf7 

1-0

[Event "Magistral Ciutat de Barcelona"]
[Site "?"]
[Date "2009.11.08"]
[Round "?"]
[White "Narciso Dublan, Marc"]
[Black "Peralta, Fernando"]
[WhiteElo "2510"]
[BlackElo "2557"]
[Result "1-0"]

1. e4 d6 2. Nc3 g6 3. g3 Bg7 4. Bg2 c5 5. d3 Nc6 6. Be3 e5 7. f4 Nge7 8. Nf3 Nd4 9. O-O O-O 10. Qd2 exf4 11. Bxf4 Nxf3+ 12. Bxf3 Qb6 13. Rab1 Be6 14. Kg2 Rae8 15. a3 Qd8 16. Bh6 Qd7 17. Bxg7 Kxg7 18. Kh1 f6 19. Rbe1 Nc6 20. Bg2 Bg8 21. Rf4 Nd4 22. Ref1 b6 23. h4 h6 24. Kh2 Qd8 25. R4f2 Qd7 26. Bh3 Qd8 27. h5 gxh5 28. Nd1 Re5 29. Ne3 Rg5 30. c3 Nc6 31. Nf5+ Kh7 32. d4 cxd4 33. cxd4 Ne7 34. Nh4 Kg7 35. Nf3 Rg6 36. Nh4 Rg5 37. Nf3 Rg6 38. Qf4 d5 39. Nh4 Rg5 40. e5 f5 41. Rc2 Be6 42. Rfc1 Rf7 43. Rc7 Qb8 44. Nf3 Rg6 45. Qh4 Qf8 46. Rxa7 f4 47. gxf4 Bxh3 48. Rcc7 Rxf4 49. Qxe7+ Qxe7 50. Rxe7+ Kf8 51. Rec7 Re6 52. Kg3 

1-0

[Event "6th Barbera del Valles Spain, Open"]
[Site "?"]
[Date "2013.07.12"]
[Round "?"]
[White "Narciso Dublan, Marc"]
[Black "Ivanov, Sergey"]
[WhiteElo "2536"]
[BlackElo "2555"]
[Result "1-0"]

1. e4 c5 2. Nc3 e6 3. g3 d5 4. exd5 exd5 5. Bg2 Nf6 6. Nge2 d4 7. Ne4 Nxe4 8. Bxe4 Nd7 9. O-O Nf6 10. Bg2 Be7 11. d3 O-O 12. Re1 Re8 13. Bg5 h6 14. Bxf6 Bxf6 15. Nf4 Rxe1+ 16. Qxe1 Bf5 17. Bxb7 Rb8 18. Be4 Bxe4 19. Qxe4 Rxb2 20. Re1 Qd7 21. h4 Rb8 22. Nd5 Rd8 23. Nxf6+ gxf6 24. Qf3 Kg7 25. Re4 Re8 26. Rxe8 Qxe8 27. Qg4+ Kf8 28. Qh5 Qe1+ 29. Kg2 Qc3 30. Qxh6+ Ke7 31. Qc1 a5 32. Qb1 Kf8 33. Qb3 Qa1 34. Qa3 Kg7 35. Qxa5 c4 36. dxc4 Qd1 37. Qf5 

1-0

[Event "38th Open International Barbera Valles"]
[Site "?"]
[Date "2015.07.11"]
[Round "?"]
[White "Narciso Dublan, Marc"]
[Black "Arizmendi Martinez, Julen Luis"]
[WhiteElo "2521"]
[BlackElo "2529"]
[Result "1-0"]

1. d4 e6 2. c4 Nf6 3. Nf3 d5 4. Nc3 Bb4 5. cxd5 exd5 6. Bg5 Nbd7 7. Qa4 a5 8. a3 Bxc3+ 9. bxc3 O-O 10. e3 h6 11. Bxf6 Qxf6 12. Bd3 Nb6 13. Qc2 Be6 14. O-O Nc8 15. c4 dxc4 16. Bxc4 Bxc4 17. Qxc4 Qe7 18. Rfc1 c6 19. Ne5 Nd6 20. Qc5 Rfe8 21. Rcb1 Qe6 22. Rb6 Re7 23. Rab1 Qf6 24. h3 a4 25. Nf3 Rd7 26. d5 Qf5 27. Rd1 Ne4 28. Qc2 cxd5 29. Rd4 Nd6 30. Qd1 Nc4 31. g4 Qxf3 32. Qxf3 Nxb6 33. Qd1 Rc7 34. Rb4 Rc6 35. Kg2 Re8 36. Qb1 Ree6 37. h4 Kh8 38. g5 Kg8 39. f4 hxg5 40. f5 Red6 41. hxg5 g6 42. f6 Re6 43. Kf2 Re5 44. Rxb6 Rxg5 45. Rxc6 bxc6 46. Qb8+ Kh7 47. Qd6 Rf5+ 48. Kg3 g5 49. Qxc6 Kg6 50. Qxa4 

1-0

[Event "Cerrado CEMAR A"]
[Site "?"]
[Date "2002.12.19"]
[Round "?"]
[White "Narciso Dublan, Marc"]
[Black "Movsziszian, Karen"]
[WhiteElo "2467"]
[BlackElo "2528"]
[Result "1-0"]

1. d4 f5 2. c4 Nf6 3. Nc3 g6 4. h4 Bg7 5. h5 Nxh5 6. e4 e6 7. Rxh5 gxh5 8. Qxh5+ Kf8 9. exf5 Qe8 10. Qh4 exf5+ 11. Nge2 h6 12. Be3 d6 13. O-O-O Be6 14. Nf4 Nd7 15. Nb5 Bf6 16. Qg3 Rc8 17. Nxa7 Rg8 18. Qh3 Ra8 19. Qxh6+ Ke7 20. Nxe6 Kxe6 21. Nb5 Rc8 22. c5 Ke7 23. Qh7+ Kd8 24. Qxf5 Qf7 25. Nc3 Qg6 26. Qd5 

1-0

[Event "1nd CECLUB Division Group A"]
[Site "?"]
[Date "2012.07.30"]
[Round "?"]
[White "Narciso Dublan, Marc"]
[Black "Moskalenko, Viktor"]
[WhiteElo "2539"]
[BlackElo "2523"]
[Result "1-0"]

1. d4 d5 2. c4 c6 3. Nc3 Nf6 4. e3 g6 5. Nf3 Bg7 6. Be2 O-O 7. O-O Bg4 8. cxd5 cxd5 9. Qb3 b6 10. Bd2 Nc6 11. Rfc1 Na5 12. Qd1 Ne4 13. Be1 Rc8 14. Nxe4 dxe4 15. Nd2 Bxe2 16. Qxe2 Qd5 17. Qa6 Rxc1 18. Rxc1 e5 19. b4 Nc6 20. Qc4 Ne7 21. dxe5 Bxe5 22. Qxd5 Nxd5 23. Nxe4 Re8 24. Ng5 h6 25. Nf3 Bg7 26. a3 Bb2 27. Rd1 Nf6 28. a4 Rc8 29. Kf1 Kg7 30. Ke2 Ne4 31. Rd7 a6 32. Ra7 Bc3 33. Rxa6 Bxe1 34. Nxe1 Rd8 35. Nd3 Nc3+ 36. Kd2 Ne4+ 37. Kc2 Rc8+ 38. Kb2 Rd8 39. f3 Nf6 40. Kc2 Nd5 41. e4 Ne3+ 42. Kd2 Nxg2 43. Ke2 Rc8 44. Ne5 Rc2+ 45. Kd3 Ne1+ 46. Kd4 f6 47. Ra7+ Kg8 48. Ra8+ Kg7 49. Ra7+ Kg8 50. Nxg6 Nxf3+ 51. Kd5 Ng5 52. h4 Rd2+ 53. Kc6 Nxe4 54. Kxb6 f5 55. Ne7+ Kf7 56. Nxf5+ Ke6 57. Nxh6 Rd6+ 58. Ka5 

1-0

[Event "ch-Catalunya"]
[Site "?"]
[Date "2009.05.23"]
[Round "?"]
[White "Narciso Dublan, Marc"]
[Black "Oms Pallisse, Josep"]
[WhiteElo "2534"]
[BlackElo "2522"]
[Result "1-0"]

1. c4 e6 2. Nc3 d5 3. d4 Nf6 4. cxd5 exd5 5. Bg5 Be7 6. e3 c6 7. Qc2 Nbd7 8. Bd3 O-O 9. Nge2 Re8 10. O-O-O Nf8 11. h3 N6d7 12. Bxe7 Qxe7 13. g4 Nb6 14. Rdg1 Bd7 15. Kb1 Rac8 16. Bf5 Be6 17. h4 c5 18. h5 Nc4 19. Qd3 cxd4 20. Qxd4 Qc5 21. Rd1 Nb6 22. Nf4 Qxd4 23. Rxd4 g6 24. hxg6 hxg6 25. Bd3 Rc5 26. Be2 Nfd7 27. Rhd1 Nf6 28. Bf3 Rd8 29. g5 Nh7 30. Bxd5 Nxd5 31. Ncxd5 Bxd5 32. Nxd5 Kg7 33. f4 Nf8 34. Nf6 Rdc8 35. a3 Nh7 36. Ng4 R5c7 37. e4 Nf8 38. f5 gxf5 39. exf5 Nh7 40. f6+ Kg6 41. Rh1 Nxg5 42. Rd5 

1-0

[Event "Foment op"]
[Site "?"]
[Date "1995.??.??"]
[Round "?"]
[White "Narciso Dublan, Marc"]
[Black "Dimitrov, Vladimir"]
[WhiteElo "2390"]
[BlackElo "2520"]
[Result "1-0"]

1. e4 e6 2. d4 d5 3. e5 c5 4. c3 Nc6 5. Nf3 Qb6 6. a3 c4 7. Nbd2 Na5 8. g3 Bd7 9. Bh3 h6 10. O-O O-O-O 11. Rb1 Kb8 12. Nh4 Ne7 13. Ng2 Nc8 14. Ne3 h5 15. Qf3 Be8 16. Re1 Qc7 17. Bf1 Nb6 18. h4 Ba4 19. Be2 Rc8 20. Bd1 Bxd1 21. Qxd1 Qd7 22. Ng2 Qa4 23. Qf3 Rc7 24. Nf1 Qc2 25. Bg5 Rd7 26. Nge3 Qg6 27. Qd1 Be7 28. Bxe7 Rxe7 29. Nd2 Rc7 30. Ng2 Qh7 31. Nf4 Qf5 32. Re3 g5 33. hxg5 h4 34. Ng2 hxg3 35. Rxg3 f6 36. f4 fxe5 37. dxe5 Rch7 38. Kf2 Rh2 39. Nf3 R8h3 40. Rxh3 Rxh3 41. Nd4 Qe4 42. Qc2 Rd3 43. Re1 Qh7 44. Re3 Nd7 45. Nxe6 Nc6 46. b4 Qf7 47. Nc5 Nxc5 48. bxc5 Rxe3 49. Kxe3 Qf8 50. Qg6 Qxc5+ 51. Kf3 Qa5 52. Qd6+ Kc8 53. g6 Qxc3+ 54. Kg4 Qd2 55. Nh4 Qd1+ 56. Kg5 Qg1+ 57. Kf6 c3 58. g7 c2 59. Ng6 

1-0

[Event "Spanish Championship"]
[Site "?"]
[Date "2003.05.12"]
[Round "?"]
[White "Narciso Dublan, Marc"]
[Black "San Segundo Carrillo, Pablo"]
[WhiteElo "2501"]
[BlackElo "2515"]
[Result "1-0"]

1. e4 c6 2. d4 d5 3. Nd2 dxe4 4. Nxe4 Bf5 5. Nc5 b6 6. Nb3 e6 7. Nf3 Bd6 8. g3 h6 9. Bg2 Ne7 10. Nbd2 Nd7 11. Nc4 Bc7 12. O-O O-O 13. Qe2 b5 14. Ne3 Be4 15. Rd1 Rb8 16. a4 b4 17. Nc4 Bd5 18. Ncd2 c5 19. dxc5 Nxc5 20. Nf1 Qc8 21. Be3 Bd6 22. Bd4 Nf5 23. Ne3 Nxe3 24. Qxe3 Rd8 25. b3 Rb7 26. Ne5 Bxg2 27. Kxg2 Bxe5 28. Qxe5 f6 29. Qxc5 

1-0

[Event "9th Camp. Europeo"]
[Site "?"]
[Date "2008.04.26"]
[Round "?"]
[White "Miroshnichenko, Evgenij"]
[Black "Narciso Dublan, Marc"]
[WhiteElo "2642"]
[BlackElo "2509"]
[Result "0-1"]

1. d4 f5 2. Nf3 e6 3. c4 Nf6 4. Nc3 Bb4 5. Qb3 c5 6. g3 Nc6 7. d5 Na5 8. Qc2 Nxc4 9. dxe6 Qa5 10. Bg2 d5 11. O-O Bxc3 12. bxc3 Bxe6 13. Rb1 Qa6 14. Qb3 O-O-O 15. Bg5 Rhf8 16. Rfd1 Rd7 17. Bxf6 Rxf6 18. a4 Bf7 19. Qa2 Rb6 20. e3 Rxb1 21. Rxb1 Qf6 22. Rc1 g5 23. Nd2 Ne5 24. Nb3 Nd3 25. Rc2 Rc7 26. Bf1 Ne1 27. Rc1 Nf3+ 28. Kg2 g4 29. Nd2 d4 30. c4 Ng5 31. exd4 Qxd4 32. Qc2 Qf6 33. h4 gxh3+ 34. Kh2 Rd7 35. Nb3 Nf3+ 36. Kxh3 Bh5 37. Kg2 Bg4 38. Be2 Qh6 39. Rh1 Qc6 

0-1

[Event "Spanish Championship Honor Gp2"]
[Site "?"]
[Date "2007.06.27"]
[Round "?"]
[White "Graf, A"]
[Black "Narciso Dublan, Marc"]
[WhiteElo "2620"]
[BlackElo "2539"]
[Result "0-1"]

1. d4 g6 2. e4 Bg7 3. Nc3 d6 4. f4 Nf6 5. Nf3 O-O 6. Bd3 Nc6 7. O-O e5 8. dxe5 dxe5 9. f5 Nb4 10. Kh1 gxf5 11. Bg5 Nxd3 12. cxd3 h6 13. Bh4 Qd6 14. exf5 Bxf5 15. Nd2 Qe6 16. Qf3 Bg4 17. Qxb7 Rfb8 18. Qxc7 Rxb2 19. Nc4 Rc2 20. Qb7 Rd8 21. Bxf6 Bxf6 22. Ne4 Bg7 23. Ne3 Re2 24. Nxg4 Qxg4 25. Qxf7+ Kh8 26. g3 Rxd3 27. Nf2 Qf3+ 28. Qxf3 Rxf3 29. a4 Rfxf2 30. Rxf2 Rxf2 31. Rc1 Rf7 32. Kg2 Rb7 33. Rc6 Rb2+ 34. Kf3 Rxh2 35. Ra6 Ra2 36. Rxa7 Ra3+ 37. Kg4 Kh7 38. Ra6 Kg8 39. Ra7 Bf6 40. Kf5 Bg7 41. Kg4 Bf8 42. Kf5 Rxg3 43. Kxe5 h5 44. Ra6 h4 45. Kf4 Bc5 46. Rc6 Be3+ 47. Ke4 h3 48. Rc2 Bb6 49. Rc6 h2 50. Rh6 Re3+ 51. Kd5 Bc7 52. a5 Kg7 53. Rh4 Re8 54. Kc6 Rh8 55. Rg4+ Kf6 56. Kxc7 h1=Q 57. Rb4 Qh7+ 58. Kb6 Rb8+ 59. Ka6 Qd3+ 

0-1

[Event "3rd Iberoamerican KO"]
[Site "?"]
[Date "2010.11.19"]
[Round "?"]
[White "Felgaer, R"]
[Black "Narciso Dublan, Marc"]
[WhiteElo "2591"]
[BlackElo "2536"]
[Result "0-1"]

1. e4 Nf6 2. e5 Nd5 3. d4 d6 4. c4 Nb6 5. exd6 exd6 6. Nc3 Nc6 7. Be3 Be7 8. b3 O-O 9. Be2 Bf5 10. Qd2 Nb4 11. Rc1 c6 12. a3 Na6 13. g4 Be6 14. f4 f6 15. f5 Bf7 16. Nh3 Nc7 17. Nf4 d5 18. c5 Nd7 19. b4 b6 20. Na4 Qb8 21. O-O Qb7 22. Rb1 Rfb8 23. Bd3 Qc8 24. Bf2 bxc5 25. bxc5 Nf8 26. Bg3 Bd8 27. Nc3 Rxb1 28. Rxb1 Rb8 29. Ra1 Rb7 30. Bc2 Na6 31. Bd3 Nb8 32. Qc2 Bc7 33. Re1 Ba5 34. Re2 g5 35. fxg6 hxg6 36. h3 Bc7 37. Re3 Bxf4 38. Bxf4 Ne6 39. Ne2 Nxf4 40. Nxf4 g5 41. Bh7+ Kh8 42. Ng6+ Kg7 43. Ne7 Qd8 44. Nf5+ Kf8 45. Nd6 Re7 46. Rf3 Nd7 47. Bf5 Kg7 48. Qf2 Nf8 49. Bd3 Re6 50. Bf5 Re7 51. Bc2 Re6 52. h4 gxh4 53. g5 Bh5 54. Nf5+ Kg8 55. Nh6+ Kg7 56. Nf5+ Kg8 57. Qxh4 Bxf3 58. Nh6+ Kg7 59. Nf5+ Kf7 60. g6+ Kxg6 61. Qg3+ Kf7 62. Qxf3 Qa5 63. Qh5+ Kg8 64. Qg4+ Kf7 65. Qh5+ Kg8 66. Nh6+ Kh8 67. Nf5+ Nh7 68. Ne3 Qe1+ 69. Kg2 Re7 70. Bxh7 Qxe3 71. Bf5+ Kg8 

0-1

[Event "22nd Open"]
[Site "?"]
[Date "2004.07.10"]
[Round "?"]
[White "Felgaer, R"]
[Black "Narciso Dublan, Marc"]
[WhiteElo "2587"]
[BlackElo "2484"]
[Result "0-1"]

1. e4 d6 2. d4 Nf6 3. Nc3 g6 4. f4 Bg7 5. Nf3 O-O 6. Bd3 Nc6 7. O-O e5 8. fxe5 dxe5 9. d5 Nd4 10. Nxe5 Nxe4 11. Bxe4 Bxe5 12. Bf4 Bg7 13. Qd2 Re8 14. Rae1 Bf5 15. Be3 Rxe4 16. Nxe4 Qxd5 17. Ng3 Bxc2 18. Rc1 Re8 19. Rxc2 Rxe3 20. Qxe3 Nxc2 21. Qe8+ Bf8 22. Ne4 Kg7 23. Nf6 Qc4 24. Ne4 Qd5 25. Nc3 Qc4 26. Qe5+ Kg8 27. Ne4 f5 28. Rf2 Nb4 29. Nf6+ Kf7 30. Ne4 Nd3 31. Ng5+ Kg8 32. Qe2 Qc1+ 33. Rf1 Bc5+ 34. Kh1 Qe3 35. Qxe3 Bxe3 36. Nh3 Nxb2 37. Re1 Nc4 38. Rd1 Nd2 39. Ng1 c5 40. Nf3 Nxf3 41. gxf3 Bd4 42. Kg2 b5 43. Kf1 Kf7 44. Ke2 Ke6 45. Kd3 Kd5 46. Re1 Be5 47. Kc2 a5 48. Rd1+ Bd4 49. Re1 a4 50. Re7 h5 51. Re8 g5 52. h3 b4 53. Rg8 c4 54. Ra8 b3+ 55. axb3 axb3+ 56. Kd2 c3+ 57. Kd3 c2 58. Rd8+ Ke5 

0-1

[Event "Casino GM"]
[Site "?"]
[Date "2009.11.07"]
[Round "?"]
[White "Andersson, Ulf"]
[Black "Narciso Dublan, Marc"]
[WhiteElo "2582"]
[BlackElo "2510"]
[Result "0-1"]

1. Nf3 d6 2. d4 Bg4 3. c4 Bxf3 4. exf3 g6 5. Nc3 Bg7 6. Be3 e6 7. d5 Ne7 8. Bd3 O-O 9. O-O Nd7 10. Re1 exd5 11. cxd5 Bxc3 12. bxc3 Nxd5 13. Bh6 Re8 14. Qd2 Qf6 15. Be4 c6 16. Bxd5 cxd5 17. Qxd5 Qxc3 18. Red1 Nc5 19. Qxd6 b6 20. h3 Ne6 21. Rac1 Qf6 22. Be3 Rad8 23. Qa3 Rxd1+ 24. Rxd1 Qe7 25. Qa4 Rd8 26. Rxd8+ Nxd8 27. Bd4 Ne6 28. Bb2 f6 29. Qc4 Kg7 30. f4 Nc5 31. Qd4 Ne6 32. Qe4 Qd7 33. Kh2 Nc5 34. Qe3 Kf7 35. Qg3 Qd2 36. Ba1 Qxa2 37. Qc3 Qe6 38. Bb2 a5 39. Qd4 Ke7 40. Ba3 Qd6 41. Qc4 Kd7 42. g3 Kc6 43. Bc1 Qd5 44. Qc3 f5 45. g4 Kb5 46. Be3 a4 47. Qb2+ Ka6 48. Qb4 Qb3 49. Bxc5 Qxb4 50. Bxb4 Kb5 51. Bd6 Kc4 52. Kg2 Kb3 53. Kf3 a3 54. Ke3 a2 55. Be5 Kc2 

0-1

[Event "Evry op"]
[Site "?"]
[Date "2005.02.27"]
[Round "?"]
[White "Vysochin, Spartak"]
[Black "Narciso Dublan, Marc"]
[WhiteElo "2579"]
[BlackElo "2458"]
[Result "0-1"]

1. e4 e6 2. d4 d5 3. Nd2 c5 4. Ngf3 Nc6 5. exd5 exd5 6. Bb5 Bd6 7. O-O cxd4 8. Nb3 Ne7 9. Nbxd4 O-O 10. h3 Bc7 11. Be3 Qd6 12. Bd3 a6 13. Re1 Nxd4 14. Bxd4 Nc6 15. Bc3 Bd7 16. Bf1 Rad8 17. Qd3 d4 18. Bxd4 Bf5 19. Bxg7 Bxd3 20. Bxf8 Kxf8 21. Bxd3 Nd4 22. Ne5 f6 23. c3 fxe5 24. cxd4 e4 25. Bxe4 Qh2+ 26. Kf1 Re8 27. f3 Bg3 28. Rec1 Qh1+ 29. Ke2 Qxg2+ 30. Kd3 Bf4 31. Rc2 Qxh3 32. Rg1 Bh2 33. Re1 h5 34. d5 Bg3 35. Rg1 h4 36. Rc4 Qh2 37. Rb1 Qf2 38. Rc2 Qb6 

0-1

[Event "20th Open"]
[Site "?"]
[Date "2002.07.08"]
[Round "?"]
[White "Marin, M"]
[Black "Narciso Dublan, Marc"]
[WhiteElo "2548"]
[BlackElo "2460"]
[Result "0-1"]

1. d4 d5 2. c4 e6 3. Nc3 c5 4. cxd5 exd5 5. Nf3 Nc6 6. g3 Nf6 7. Bg2 Be7 8. O-O O-O 9. dxc5 Bxc5 10. Bg5 d4 11. Bxf6 Qxf6 12. Nd5 Qf5 13. Nd2 Rd8 14. Nf4 Bd6 15. Nd3 Be6 16. a3 Bd5 17. Bxd5 Qxd5 18. Qb3 Qh5 19. Nf3 Rd7 20. Rac1 Re8 21. Rc2 Qg4 22. Re1 h6 23. Qc4 Rc7 24. Qd5 Rd8 25. Qa2 Qf5 26. Rec1 Re8 27. b4 a6 28. Qb2 Qd5 29. a4 Rce7 30. Rd1 Re4 31. b5 axb5 32. Qxb5 Qxb5 33. axb5 Na7 34. Nc5 Bxc5 35. Rxc5 Rxe2 36. Nxd4 Rd8 37. Ra1 Rxd4 38. Rxa7 g6 39. Rc3 Rd5 40. Rxb7 Rf5 41. f4 Rd5 42. Rc1 Rdd2 43. b6 Rg2+ 44. Kh1 Rxh2+ 45. Kg1 Rdg2+ 46. Kf1 Rf2+ 47. Kg1 Rhg2+ 48. Kh1 Rxg3 49. Rd7 Rxf4 50. Kh2 Rb3 51. b7 Kg7 52. Rc8 Rf2+ 53. Kg1 Rfb2 54. Rcc7 g5 55. Rxf7+ Kg6 56. Rh7 Ra3 57. Rhg7+ Kh5 58. Rgf7 Ra1+ 59. Rf1 Rxf1+ 60. Kxf1 g4 

0-1

[Event "Vendrell op"]
[Site "?"]
[Date "1996.??.??"]
[Round "?"]
[White "Antunes, Antonio"]
[Black "Narciso Dublan, Marc"]
[WhiteElo "2545"]
[BlackElo "2440"]
[Result "0-1"]

1. Nf3 c5 2. c4 Nc6 3. g3 g6 4. Bg2 Bg7 5. Nc3 d6 6. O-O e5 7. a3 a5 8. Ne1 Be6 9. d3 Nge7 10. Bg5 f6 11. Bd2 O-O 12. Nc2 d5 13. cxd5 Nxd5 14. Ne3 Nxe3 15. fxe3 c4 16. Ne4 Qb6 17. Qc2 f5 18. Nd6 cxd3 19. exd3 Nd4 20. exd4 Qxd4+ 21. Rf2 Qxd6 22. Bxb7 Rab8 23. Bg2 Rfc8 24. Bc3 e4 25. dxe4 Rxb2 26. Qxb2 Bxc3 27. Qb1 Bd4 28. Ra2 Rb8 29. Qc2 Bxf2+ 30. Qxf2 Rb1+ 31. Bf1 Bc4 32. Rd2 Bxf1 

0-1

[Event "Linares Anibal op"]
[Site "?"]
[Date "1999.01.10"]
[Round "?"]
[White "Bagaturov, Giorgi"]
[Black "Narciso Dublan, Marc"]
[WhiteElo "2540"]
[BlackElo "2460"]
[Result "0-1"]

1. d4 d5 2. c4 dxc4 3. e4 Nf6 4. e5 Nd5 5. Bxc4 Nb6 6. Bb3 Nc6 7. Ne2 Bf5 8. Nbc3 e6 9. O-O Be7 10. Be3 Qd7 11. Rc1 Rd8 12. d5 exd5 13. Bxb6 cxb6 14. Nxd5 O-O 15. Qd2 Nxe5 16. Nd4 Bd6 17. Qg5 Bg6 18. f4 h6 19. Qg3 Qg4 20. Qe3 Nd3 21. h3 Qh4 22. Rcd1 Rfe8 23. Nf3 Qg3 24. Qd2 Nxf4 25. Nxf4 Bc5+ 26. Kh1 Rxd2 27. Nxd2 Bd6 28. Rf3 Re1+ 29. Rxe1 Qxe1+ 30. Rf1 Qg3 31. Rf3 Qxf4 32. Rxf4 Bxf4 33. Nf3 Be4 34. Bc4 Kf8 35. Kg1 a6 36. Kf2 b5 37. Be2 Bb1 38. a3 Bc1 39. Ne5 Bxb2 

0-1